书目信息 |
| 题名: |
新时期体育教育理论与实践新探
|
|
| 作者: | 蒋桂芳 , 严江 , 钱锋 主编 | |
| 分册: | ||
| 出版信息: | 北京 中国纺织出版社 2018.11 |
|
| 页数: | 370页 | |
| 开本: | 26cm | |
| 丛书名: | ||
| 单 册: | ||
| 中图分类: | G807.0 | |
| 科图分类: | ||
| 主题词: | 体育教育--研究 | |
| 电子资源: | ||
| ISBN: | 978-7-5180-4906-6 | |
| 000 | 01194nam0 2200277 45 | |
| 001 | 489954 | |
| 005 | 20140817110636.0 | |
| 010 | @a978-7-5180-4906-6@dCNY120.00 | |
| 099 | @aCAL 012018122417 | |
| 100 | @a20181008d2018 em y0chiy0110 ea | |
| 101 | 0 | @achi |
| 102 | @aCN@b110000 | |
| 105 | @aak a 000yy | |
| 106 | @ar | |
| 200 | 1 | @a新时期体育教育理论与实践新探@Axin shi qi ti yu jiao yu li lun yu shi jian xin tan@f蒋桂芳, 严江, 钱锋主编 |
| 210 | @a北京@c中国纺织出版社@d2018.11 | |
| 215 | @a370页@c图@d26cm | |
| 320 | @a有书目 (第369-370页)。 | |
| 330 | @a本书内容简介:体育教育从引入之初至今,在我国已走过了百年有余,这期间经历过艰辛和曲折,然后不断摸索,不断前进。本书共15章,分别从体育教育的理论基础和具体运动的技术、战术、竞赛规则等方面进行阐述。本书从实际出发,在紧密结合当前高等院校体育教学的需要和大学体育改革的现状的基础上,以学生为本,介绍大学生体育课基本的教学内容。尤其是2008年北京奥运会为体育在我国的发展提供了一个新的机遇。 | |
| 606 | 0 | @a体育教育@x研究 |
| 690 | @aG807.0@v5 | |
| 701 | 0 | @a蒋桂芳@AJiang guifang@4主编 |
| 701 | 0 | @a严江@AYan jiang@4主编 |
| 701 | 0 | @a钱锋@AQian feng@4主编 |
| 801 | @aCN@b江苏凤凰@c20211018 | |
| 905 | @b1355045-8@dG807.0@e958@f4 | |
| 新时期体育教育理论与实践新探/蒋桂芳, 严江, 钱锋主编.-北京:中国纺织出版社,2018.11 |
| 370页:图;26cm |
| ISBN 978-7-5180-4906-6:CNY120.00 |
| 本书内容简介:体育教育从引入之初至今,在我国已走过了百年有余,这期间经历过艰辛和曲折,然后不断摸索,不断前进。本书共15章,分别从体育教育的理论基础和具体运动的技术、战术、竞赛规则等方面进行阐述。本书从实际出发,在紧密结合当前高等院校体育教学的需要和大学体育改革的现状的基础上,以学生为本,介绍大学生体育课基本的教学内容。尤其是2008年北京奥运会为体育在我国的发展提供了一个新的机遇。 |
| ● |
| 相关链接 |
|
|
|
|
正题名:新时期体育教育理论与实践新探
索取号:G807.0/958
 
预约/预借
| 序号 | 登录号 | 条形码 | 馆藏地/架位号 | 状态 | 备注 |
| 1 | 1355045 | 213550450 | 第一样本阅览室/ [索取号:G807.0/958] | 在馆 | |
| 2 | 1355046 | 213550469 | 第四借阅区/ [索取号:G807.0/958] | 在馆 | |
| 3 | 1355047 | 213550478 | 第四借阅区/ [索取号:G807.0/958] | 在馆 | |
| 4 | 1355048 | 213550487 | 第四借阅区/ [索取号:G807.0/958] | 在馆 |